[Event "Continental de las Americas"]
[Site "Buenos Aires"]
[Date "2005.08.08"]
[Round "3.75"]
[White "Idiarte Borda, Jorge"]
[Black "Diaz, Genara"]
[Result "1-0"]
[WhiteElo "2157"]
[BlackElo "2000"]
[PlyCount "87"]
[EventDate "2005.08.06"]

1. Nf3 d5 2. d4 e6 3. g3 Nf6 4. Bg2 c5 5. b3 Nbd7 6. O-O cxd4 7. Nxd4 e5 8. Nf3
Bc5 9. e3 O-O 10. Bb2 e4 11. Nd4 Re8 12. Nd2 Nb6 13. h3 Bxd4 14. Bxd4 Bd7 15.
Rc1 Bc6 16. f3 Qd6 17. fxe4 Nxe4 18. Nxe4 dxe4 19. Qg4 Qg6 20. Qxg6 hxg6 21. c4
Nd7 22. g4 Nf8 23. Rf2 Ne6 24. Rd1 Rad8 25. Rfd2 b6 26. a4 Rd7 27. Kf2 Red8 28.
Ke1 f6 29. a5 Nc5 30. Bxc5 Rxd2 31. Rxd2 Rxd2 32. Kxd2 bxc5 33. Kc3 Kf7 34. b4
cxb4+ 35. Kxb4 Ke6 36. Kc5 Kd7 37. Kd4 f5 38. gxf5 gxf5 39. Ke5 g6 40. h4 Ke7
41. h5 Kf7 42. hxg6+ Kxg6 43. c5 Kg5 44. Kd6 1-0

[Event "Continental de las Americas"]
[Site "Buenos Aires"]
[Date "2005.08.08"]
[Round "3.76"]
[White "Soares, Joaquim"]
[Black "Bendana, Guy"]
[Result "1-0"]
[WhiteElo "2000"]
[BlackElo "2155"]
[PlyCount "123"]
[EventDate "2005.08.06"]

1. e4 e5 2. Nf3 Nf6 3. Nc3 Nc6 4. Bb5 Nd4 5. Bc4 Bd6 6. d3 c6 7. Be3 Ne6 8. h3
Bc7 9. d4 exd4 10. Nxd4 O-O 11. Bd3 Nf4 12. Bxf4 Bxf4 13. Nde2 Bc7 14. f4 Bb6
15. Qd2 d6 16. O-O-O d5 17. e5 d4 18. exf6 dxc3 19. Nxc3 Qxf6 20. Ne4 Qd4 21.
Rhe1 Be6 22. Ng5 Qa4 23. Bxh7+ Kh8 24. a3 Qc4 25. Rxe6 fxe6 26. Be4 Rad8 27.
Nf7+ Kg8 28. Nxd8 Rxd8 29. Bd3 Qa2 30. c3 Qd5 31. Qe2 Kf8 32. Kb1 Qb3 33. Re1
Re8 34. Bc4 Qa4 35. f5 e5 36. Be6 Qh4 37. Qxe5 Bd8 38. Ka2 Qf2 39. Re2 Qb6 40.
Qg3 Qc5 41. Qg6 Re7 42. Qh7 Rxe6 43. Qh8+ Kf7 44. fxe6+ Kg6 45. Qe8+ Kh6 46.
Re1 Be7 47. Qd7 b5 48. Qd4 Qf5 49. g4 Qf8 50. Re5 g6 51. Qe3+ Kg7 52. h4 a5 53.
h5 b4 54. cxb4 axb4 55. a4 c5 56. Qe4 Qf6 57. Qxg6+ Qxg6 58. hxg6 Kxg6 59. g5
c4 60. a5 c3 61. bxc3 bxc3 62. Kb3 1-0